[Event "Campeonato de España Individual"]
[Site "Cala Major-Palma de Mallorca"]
[Date "2009.10.02"]
[Round "7.23"]
[White "Garcia Garcia, Ruben"]
[Black "Lorente Penalba, Diego"]
[Result "1-0"]
[WhiteElo "2278"]
[BlackElo "2120"]
[PlyCount "99"]
[EventDate "2009.09.26"]

1. e4 c5 2. Nf3 d6 3. d4 cxd4 4. Nxd4 Nf6 5. Nc3 g6 6. Be3 Bg7 7. f3 O-O 8. Qd2
Nc6 9. Bc4 Bd7 10. Bb3 Qa5 11. h4 Rfc8 12. h5 Nxh5 13. g4 Nf6 14. O-O-O Ne5 15.
Bh6 Bh8 16. Kb1 Rxc3 17. bxc3 Nxf3 18. Nxf3 Nxe4 19. Bxf7+ Kxf7 20. Ng5+ Qxg5
21. Bxg5 Nxd2+ 22. Rxd2 Bxg4 23. Rxh7+ Bg7 24. Bxe7 Bh5 25. Bf6 Kxf6 26. Rf2+
Ke6 27. Rxg7 Rb8 28. Rff7 a6 29. Rxb7 Rxb7+ 30. Rxb7 Be2 31. Kc1 d5 32. Kd2 Bc4
33. a3 g5 34. Ke3 Kf5 35. Rf7+ Kg4 36. Kf2 Bb5 37. Rf6 Bc4 38. a4 Kh3 39. Rg6
Kg4 40. Rf6 Kh3 41. Kf3 g4+ 42. Kf4 Be2 43. Re6 Bc4 44. Re3+ Kg2 45. Kxg4 Kf2
46. Kf4 Be2 47. Rxe2+ Kxe2 48. Ke5 Kd2 49. Kxd5 Kxc3 50. Kc5 1-0

[Event "Campeonato de España Individual"]
[Site "Cala Major-Palma de Mallorca"]
[Date "2009.10.02"]
[Round "7.38"]
[White "Lechado Artigues, Pedro"]
[Black "Javaloy Guerrero, Manuel A"]
[Result "1-0"]
[WhiteElo "2110"]
[BlackElo "1878"]
[PlyCount "79"]
[EventDate "2009.09.26"]

1. e4 c5 2. Nf3 e6 3. d4 cxd4 4. Nxd4 Nf6 5. Bd3 d5 6. e5 Nfd7 7. Nxe6 Qb6 8.
Nxf8 Nxf8 9. O-O Ng6 10. Nc3 Be6 11. Qh5 Nc6 12. Bxg6 fxg6 13. Qe2 O-O 14. Bd2
Rf5 15. Na4 Qd4 16. b3 Rxe5 17. Qd1 Bg4 18. Qc1 Bf3 19. Bf4 Rf5 20. Bg3 Be2 21.
Re1 Bb5 22. c3 Qf6 23. Nb2 Rf8 24. Qd2 h5 25. h4 Nd8 26. Nd1 Ne6 27. Ne3 Nc5
28. Nxf5 Qxf5 29. Re5 Qd3 30. Qxd3 Nxd3 31. Rxd5 Ba6 32. Rd1 Nf4 33. Bxf4 Rxf4
34. g3 Rf3 35. c4 Rc3 36. Rd7 Rc2 37. R1d2 Rc1+ 38. Kg2 Kh7 39. Re7 b6 40. Rdd7
1-0

[Event "Campeonato de España Individual"]
[Site "Cala Major-Palma de Mallorca"]
[Date "2009.10.02"]
[Round "7.44"]
[White "Sanchez Garcia, Julio"]
[Black "Abadia Pascual, Luis"]
[Result "1/2-1/2"]
[WhiteElo "1747"]
[BlackElo "1958"]
[PlyCount "54"]
[EventDate "2009.09.26"]

1. d4 f5 2. e4 fxe4 3. Nc3 Nf6 4. Bg5 Nc6 5. d5 Ne5 6. Qd4 Nf7 7. Bxf6 exf6 8.
Qxe4+ Be7 9. Nf3 d6 10. Nd4 O-O 11. Bd3 Ng5 12. Qf4 f5 13. h4 Nf7 14. Nxf5 Ne5
15. Nxe7+ Qxe7 16. Qe3 Nxd3+ 17. cxd3 Qf6 18. Rb1 Bd7 19. Ne4 Qe5 20. O-O Qxd5
21. Nc3 Qh5 22. Qd4 Bc6 23. Rbe1 Rae8 24. b4 a6 25. a4 Rxe1 26. Rxe1 Rc8 27.
Qc4+ Kf8 1/2-1/2

[Event "Campeonato de España Individual"]
[Site "Cala Major-Palma de Mallorca"]
[Date "2009.10.02"]
[Round "7.41"]
[White "Bordes Ibanez, Juan"]
[Black "Machin Arbelo, Pedro Alexis"]
[Result "0-1"]
[WhiteElo "2046"]
[BlackElo "2052"]
[PlyCount "50"]
[EventDate "2009.09.26"]

1. d4 e6 2. c4 Nf6 3. Nc3 d5 4. Bg5 Bb4 5. cxd5 exd5 6. e3 h6 7. Bxf6 Qxf6 8.
Qb3 Qb6 9. Nf3 Nc6 10. Bd3 Be6 11. O-O Bd6 12. Nb5 Be7 13. Qa4 O-O 14. Rfc1 a6
15. Nc3 Qxb2 16. e4 Qa3 17. Qd1 Nb4 18. Ne5 Bg5 19. exd5 Nxd3 20. Qxd3 Bxc1 21.
dxe6 Bb2 22. exf7+ Rxf7 23. Qc4 Raf8 24. Nxf7 Rxf7 25. Re1 Qxc3 0-1

[Event "Campeonato de España Individual"]
[Site "Cala Major-Palma de Mallorca"]
[Date "2009.10.02"]
[Round "7.29"]
[White "Castell Cantero, Salvador"]
[Black "Iñigo Muñoz, Javier"]
[Result "0-1"]
[WhiteElo "1977"]
[BlackElo "2167"]
[PlyCount "62"]
[EventDate "2009.09.26"]

1. d4 d5 2. c4 e6 3. Nf3 c6 4. Bf4 dxc4 5. g3 b5 6. Bg2 Bb7 7. O-O Nf6 8. Bg5
Be7 9. Qc2 Nbd7 10. Nc3 O-O 11. e4 a6 12. Rfd1 h6 13. Bh4 Ne8 14. d5 g5 15.
dxc6 Bxc6 16. Ne5 Rc8 17. Nxc6 Rxc6 18. e5 Rc7 19. Qe2 Kg7 20. Rd4 b4 21. Na4
Qb8 22. f4 Qb5 23. Be4 Rh8 24. Rf1 gxh4 25. Qf3 f5 26. exf6+ Nexf6 27. Bc2 Nb6
28. b3 Nxa4 29. bxa4 Qb6 30. Qf2 Bc5 31. a5 Bxd4 0-1

[Event "Campeonato de España Individual"]
[Site "Cala Major-Palma de Mallorca"]
[Date "2009.10.02"]
[Round "7.17"]
[White "Garcia Rodriguez, Victor"]
[Black "Fernandez Siles, Luis"]
[Result "0-1"]
[WhiteElo "2086"]
[BlackElo "2334"]
[PlyCount "44"]
[EventDate "2009.09.26"]

1. e4 c5 2. Nf3 d6 3. d4 cxd4 4. Nxd4 Nf6 5. Nc3 g6 6. Be2 Bg7 7. O-O O-O 8.
Be3 Nc6 9. Kh1 Bd7 10. f4 Rc8 11. Bf3 a6 12. Qe1 Nxd4 13. Bxd4 b5 14. e5 Ne8
15. Rd1 Be6 16. exd6 Nxd6 17. Bxg7 Kxg7 18. Qe5+ Kg8 19. Bb7 Rb8 20. Bd5 b4 21.
Ne4 Nxe4 22. Bxe6 Nf2+ 0-1

[Event "Campeonato de España Individual"]
[Site "Cala Major-Palma de Mallorca"]
[Date "2009.10.02"]
[Round "7.47"]
[White "Milian Calatayud, Jose Luis"]
[Black "Moreno Mateos, Jose Luis"]
[Result "0-1"]
[WhiteElo "1718"]
[BlackElo "1908"]
[PlyCount "66"]
[EventDate "2009.09.26"]

1. e4 c6 2. d4 d5 3. Nc3 dxe4 4. Nxe4 Nf6 5. Ng3 h5 6. c3 h4 7. N3e2 Bf5 8. Nf4
e6 9. Bd3 Bxd3 10. Qxd3 Bd6 11. Ngh3 Qc7 12. c4 Bb4+ 13. Bd2 Na6 14. a3 Bxd2+
15. Qxd2 O-O-O 16. O-O Nc5 17. Qb4 Nce4 18. f3 Nd6 19. Qc3 Nf5 20. Rfd1 Rd7 21.
b4 g5 22. d5 gxf4 23. Qxf6 Rhd8 24. Ng5 Ne3 25. Rdc1 exd5 26. cxd5 Nxd5 27. Qh6
Qe5 28. Qxh4 Ne3 29. Ne4 f5 30. Nc5 Rg7 31. Ra2 Rdg8 32. Re1 Nxg2 33. Rxe5
Nxh4+ 0-1

[Event "Campeonato de España Individual"]
[Site "Cala Major-Palma de Mallorca"]
[Date "2009.10.02"]
[Round "7.34"]
[White "Oliver Font, Jose Luis"]
[Black "Ferreiro Pailos, Alejandro"]
[Result "0-1"]
[WhiteElo "1915"]
[BlackElo "2125"]
[PlyCount "70"]
[EventDate "2009.09.26"]

1. e4 c5 2. Nf3 a6 3. d4 cxd4 4. Nxd4 e6 5. Nb3 Qc7 6. Bd3 Nf6 7. Nc3 b5 8. O-O
Bb7 9. f3 Bd6 10. f4 e5 11. Qf3 O-O 12. Nd5 Nxd5 13. exd5 exf4 14. Kh1 Be5 15.
Qh3 g6 16. Qf3 Qd6 17. c4 bxc4 18. Bxc4 g5 19. Re1 Bg7 20. Rb1 a5 21. Nd2 Ba6
22. b3 Qg6 23. Ba3 d6 24. g3 fxg3 25. Qxg3 Rd8 26. Ne4 h6 27. Bxd6 Nd7 28. Bc7
Rdc8 29. d6 Bb7 30. Qd3 Nc5 31. Qf3 Nxe4 32. Kg1 Bd4+ 33. Kg2 Nxd6 34. Bd5 Rxc7
35. Bxb7 Nxb7 0-1

[Event "Campeonato de España Individual"]
[Site "Cala Major-Palma de Mallorca"]
[Date "2009.10.02"]
[Round "7.19"]
[White "Serrano Bozada, Esteban"]
[Black "Oms Pallisse, Josep"]
[Result "0-1"]
[WhiteElo "2217"]
[BlackElo "2498"]
[PlyCount "60"]
[EventDate "2009.09.26"]

1. e4 c5 2. Nf3 Nc6 3. c3 Nf6 4. e5 Nd5 5. d4 cxd4 6. Bc4 Nb6 7. Bb3 d5 8. exd6
Qxd6 9. O-O Be6 10. Bxe6 Qxe6 11. Nxd4 Nxd4 12. Qxd4 Rd8 13. Qh4 Qe2 14. Nd2 e6
15. Ne4 Be7 16. Bg5 Bxg5 17. Nxg5 Qd3 18. Rae1 Qf5 19. Re3 h6 20. Rg3 Qf6 21.
Qh3 Ke7 22. Ne4 Qf4 23. Rg4 Qe5 24. Ng3 f5 25. Rb4 Rd7 26. Nh5 g5 27. f4 Qc5+
28. Kh1 Nc4 29. g3 Ne3 30. Rg1 g4 0-1

[Event "Campeonato de España Individual"]
[Site "Cala Major-Palma de Mallorca"]
[Date "2009.10.02"]
[Round "7.26"]
[White "Valls Casas, Jordi"]
[Black "Galiana Salom, Juan Ramon"]
[Result "0-1"]
[WhiteElo "2094"]
[BlackElo "2216"]
[PlyCount "76"]
[EventDate "2009.09.26"]

1. d4 Nf6 2. Nf3 c5 3. d5 b5 4. c4 g6 5. cxb5 a6 6. bxa6 Bxa6 7. Nc3 d6 8. e4
Bxf1 9. Kxf1 Bg7 10. g3 Nbd7 11. h3 O-O 12. Kg2 Ra6 13. Re1 Qa8 14. a4 Rb8 15.
Rb1 e6 16. Bg5 exd5 17. Bxf6 Nxf6 18. exd5 h6 19. g4 Rb4 20. Qe2 Rab6 21. Qe7
Rf4 22. g5 Bf8 23. Qe3 hxg5 24. Nxg5 Rf5 25. f4 Rb4 26. Rbd1 Rxb2+ 27. Kg1 Nh5
28. Rf1 Rb4 29. Nge4 Qd8 30. a5 Qxa5 31. Ra1 Qd8 32. Ra7 Bg7 33. Kh1 Qe8 34.
Re1 Bxc3 35. Nxc3 Qxe3 36. Rxe3 Rbxf4 37. Re8+ Kg7 38. Ne4 Rxe4 0-1

[Event "Campeonato de España Individual"]
[Site "Cala Major-Palma de Mallorca"]
[Date "2009.10.02"]
[Round "7.40"]
[White "Zhou, Tai Long"]
[Black "Veganzones Rojo, David"]
[Result "0-1"]
[WhiteElo "1818"]
[BlackElo "2100"]
[PlyCount "106"]
[EventDate "2009.09.26"]

1. e4 c6 2. d4 d5 3. Nd2 dxe4 4. Nxe4 Nd7 5. Nf3 Ngf6 6. Ned2 e6 7. Bd3 c5 8.
O-O cxd4 9. Nxd4 Be7 10. N2f3 O-O 11. Re1 Qb6 12. b3 Bb4 13. Bd2 Bc5 14. Bc3 e5
15. Nxe5 Nxe5 16. Rxe5 Bg4 17. Qd2 Rfd8 18. Nf5 Bxf5 19. Rxf5 Ne4 20. Qe1 Nxc3
21. Qxc3 Bd4 22. Qe1 Bxa1 23. Qxa1 Qd4 24. Qd1 g6 25. Rf3 Rac8 26. h3 Rc7 27.
a4 Re7 28. Qd2 Kg7 29. Qf4 Re1+ 30. Kh2 Qxf4+ 31. Rxf4 Rde8 32. Rc4 R8e7 33.
Rd4 h5 34. h4 Rd1 35. Kg3 Rc7 36. Rb4 Rd2 37. Re4 Rc3 38. Re3 Kf8 39. Kf3 Rc6
40. Kg3 Rf6 41. f3 Rd6 42. Re4 f5 43. Re5 Kf7 44. Kh3 Kf6 45. Re8 Re6 46. Rxe6+
Kxe6 47. g4 Ke5 48. Kg3 f4+ 49. Kh3 Rxd3 50. cxd3 Kd4 51. Kg2 Kxd3 52. b4 Ke2
53. g5 Ke3 0-1

[Event "Campeonato de España Individual"]
[Site "Cala Major-Palma de Mallorca"]
[Date "2009.10.02"]
[Round "7.16"]
[White "Alvarez Fernandez, Enrique"]
[Black "Revilla Rio, Francisco"]
[Result "1-0"]
[WhiteElo "2340"]
[BlackElo "2094"]
[PlyCount "63"]
[EventDate "2009.09.26"]

1. d4 d5 2. Bf4 c5 3. e3 Nc6 4. c3 cxd4 5. exd4 Nf6 6. Nd2 Bg4 7. Ngf3 e6 8.
Qa4 Nd7 9. Bd3 Bh5 10. O-O Be7 11. Ne5 Ndxe5 12. Bxe5 O-O 13. Bg3 Bg6 14. Bb5
Qb6 15. Nb3 Rfc8 16. Rfe1 a6 17. Bf1 Qd8 18. Nc5 b5 19. Qd1 b4 20. Bxa6 Rxa6
21. Nxa6 bxc3 22. bxc3 Qa5 23. Nc5 Qxc3 24. Nb3 Ba3 25. Re3 Qb4 26. Qe2 Nxd4
27. Qa6 Re8 28. Nxd4 Bb2 29. Nc6 Qc5 30. Rf1 f6 31. Rb3 Qc2 32. Qb7 1-0

[Event "Campeonato de España Individual"]
[Site "Cala Major-Palma de Mallorca"]
[Date "2009.10.02"]
[Round "7.21"]
[White "Estremera Panos, Sergio"]
[Black "Sabater Sanchez, Asensio"]
[Result "1/2-1/2"]
[WhiteElo "2402"]
[BlackElo "2211"]
[PlyCount "131"]
[EventDate "2009.09.26"]

1. d4 d5 2. c4 c6 3. Nf3 Nf6 4. e3 a6 5. Bd3 b5 6. b3 Bg4 7. Nbd2 e6 8. O-O Be7
9. Qc2 Nbd7 10. Bb2 Bxf3 11. Nxf3 Rc8 12. Rfc1 O-O 13. a4 bxc4 14. bxc4 a5 15.
c5 Qc7 16. Bc3 Ra8 17. Rab1 Rfb8 18. h3 g6 19. Rxb8+ Qxb8 20. Rb1 Qa7 21. Rb2
Qc7 22. Qb1 Ra7 23. Rb3 Bd8 24. Qb2 Kf8 25. Nd2 Ng8 26. f4 f5 27. Nf3 Ngf6 28.
Ng5 Ke7 29. Be1 h6 30. Nf3 Ke8 31. Bh4 Qc8 32. Qb1 Bc7 33. Rb2 Kf7 34. g4 Ne4
35. Bxe4 fxe4 36. Ne5+ Bxe5 37. fxe5 g5 38. Bg3 Ke7 39. h4 Kd8 40. hxg5 hxg5
41. Rh2 Kc7 42. Rh7 Rb7 43. Qe1 Rb4 44. Qf1 Qg8 45. Rf7 Kd8 46. Qa6 Qxf7 47.
Qxa5+ Ke7 48. Qxb4 Qf3 49. Qe1 Qxg4 50. a5 Nb8 51. Qf2 Qd1+ 52. Kg2 Nd7 53. a6
Qa1 54. Qf1 Qa2+ 55. Kh3 Qa5 56. Kg4 Qd8 57. Qh1 Qf8 58. Qh7+ Kd8 59. Bf4 gxf4
60. a7 Kc7 61. exf4 Qe8 62. f5 Kb7 63. f6 Kxa7 64. Qe7 Qg6+ 65. Kh4 Qh6+ 66.
Kg4 1/2-1/2

[Event "Campeonato de España Individual"]
[Site "Cala Major-Palma de Mallorca"]
[Date "2009.10.02"]
[Round "7.22"]
[White "Hernandez Gallardo, Fco Javier"]
[Black "Gelabert Mari, Llorenç"]
[Result "1/2-1/2"]
[WhiteElo "2360"]
[BlackElo "2083"]
[PlyCount "66"]
[EventDate "2009.09.26"]

1. e4 e6 2. Nf3 d5 3. Nc3 dxe4 4. Nxe4 Nd7 5. d4 Ngf6 6. Nxf6+ Nxf6 7. Bd3 Be7
8. O-O O-O 9. Ne5 c5 10. dxc5 Qc7 11. Qe2 Qxc5 12. c4 Nd7 13. Nxd7 Bxd7 14.
Bxh7+ Kxh7 15. Qd3+ Kg8 16. Qxd7 Bf6 17. Qb5 Rfc8 18. Be3 Qxc4 19. Qxb7 Rab8
20. Qxa7 Bxb2 21. Rab1 Ra8 22. Qb7 Rcb8 23. Qf3 Rxa2 24. Qg3 Rb3 25. Qf3 Raa3
26. h3 Be5 27. Rxb3 Rxb3 28. Rd1 Bf6 29. Qa8+ Kh7 30. Qe8 Qc2 31. Rc1 Rb1 32.
Rxb1 Qxb1+ 33. Kh2 Qf5 1/2-1/2

[Event "Campeonato de España Individual"]
[Site "Cala Major-Palma de Mallorca"]
[Date "2009.10.02"]
[Round "7.24"]
[White "Jimenez De La Torre, Jose A"]
[Black "Garcia-Ortega Mendez, Jose M"]
[Result "1/2-1/2"]
[WhiteElo "2175"]
[BlackElo "2277"]
[PlyCount "223"]
[EventDate "2009.09.26"]

1. e4 c5 2. Nf3 g6 3. d4 cxd4 4. Nxd4 Bg7 5. c4 Nc6 6. Be3 d6 7. Nc3 a5 8. Be2
Nf6 9. O-O a4 10. Rc1 Qa5 11. Nd5 Nd7 12. Nb5 O-O 13. Ndc7 Rb8 14. Bd2 Qb6 15.
Qxa4 Bxb2 16. Rb1 Bg7 17. Be3 Nc5 18. Qa3 Qa5 19. Qxa5 Nxa5 20. Nd5 Nc6 21. f3
f5 22. exf5 Bxf5 23. Rbd1 Rfd8 24. Rd2 Kf7 25. Rfd1 b6 26. Nxb6 Rxb6 27. Bxc5
Ra6 28. a3 Bh6 29. Rd5 Bc2 30. Bf2 Bxd1 31. Rxd1 Ra4 32. g3 Rb8 33. f4 g5 34.
fxg5 Bxg5 35. Rd5 Bf6 36. Rd2 Ne5 37. Rc2 Rc8 38. Na7 Rb8 39. Nb5 Ra5 40. Be1
Ra6 41. Kg2 Rc6 42. a4 Ra6 43. a5 Rc6 44. Nd4 Rc5 45. a6 Ra8 46. Bb4 Rcc8 47.
c5 dxc5 48. Rxc5 Rcb8 49. Bc3 Rb6 50. Rc7 Ng6 51. Bc4+ Ke8 52. Ne2 Bxc3 53.
Nxc3 Ne5 54. Bb5+ Rxb5 55. Nxb5 Rxa6 56. Rc5 Ra2+ 57. Kf1 Nf3 58. h3 Nd2+ 59.
Kg1 Ne4 60. Rh5 Nf6 61. Re5 Kf7 62. Nd4 Nd7 63. Rd5 Nf8 64. Rf5+ Kg7 65. Re5
Ng6 66. Re3 e5 67. Nf3 Kf6 68. g4 h6 69. h4 Ra4 70. g5+ hxg5 71. hxg5+ Kf5 72.
Kf2 e4 73. Nd2 Ra2 74. Ke1 Ne5 75. Rxe4 Nf3+ 76. Ke2 Nxd2 77. Rb4 Ne4+ 78. Kd3
Nxg5 79. Rb5+ Kf6 80. Rb6+ Ne6 81. Ke4 Re2+ 82. Kd3 Re5 83. Ra6 Kf5 84. Ra8
Nf4+ 85. Kd4 Rd5+ 86. Kc4 Rd1 87. Rf8+ Ke5 88. Re8+ Ne6 89. Rh8 Rc1+ 90. Kb4
Rc7 91. Rh5+ Kd6 92. Rh6 Kd5 93. Rh5+ Ke4 94. Rh4+ Nf4 95. Kb5 Ke5 96. Rh1 Nd3
97. Rh5+ Kd4 98. Kb6 Rc2 99. Rh8 Ne5 100. Rd8+ Ke4 101. Re8 Kd5 102. Rd8+ Ke6
103. Rh8 Kd6 104. Rh6+ Kd5 105. Rh1 Nd7+ 106. Kb7 Ke6 107. Re1+ Kd6 108. Rd1+
Ke7 109. Rh1 Ne5 110. Kb6 Ke6 111. Re1 Rb2+ 112. Kc5 1/2-1/2

[Event "Campeonato de España Individual"]
[Site "Cala Major-Palma de Mallorca"]
[Date "2009.10.02"]
[Round "7.28"]
[White "Sarto Ramos, Angel"]
[Black "Solino Nebot, Leonardo"]
[Result "1-0"]
[WhiteElo "2037"]
[BlackElo "2174"]
[PlyCount "72"]
[EventDate "2009.09.26"]

1. Nf3 Nf6 2. d4 e6 3. Nbd2 d5 4. e3 c5 5. c3 Nc6 6. Bd3 Bd6 7. O-O O-O 8. Qe2
Qc7 9. a3 e5 10. dxe5 Nxe5 11. Nxe5 Bxe5 12. h3 b6 13. e4 Re8 14. Qf3 Bb7 15.
Re1 Rad8 16. g3 Qd7 17. exd5 Bxd5 18. Qf5 Be6 19. Qf3 Bxh3 20. Bc2 Bg4 21. Qg2
Bh3 22. Qf3 Bb8 23. Ne4 Nxe4 24. Rxe4 Rxe4 25. Qxe4 g6 26. Bh6 Bf5 27. Qe2 Re8
28. Bxf5 gxf5 29. Qh5 Qe6 30. Rd1 Qg6 31. Qh4 Bd6 32. Kf1 Bf8 33. Bf4 Qe6 34.
Qg5+ Bg7 35. Rd6 Qe4 36. Rd8 Qh1# 1-0

[Event "Campeonato de España Individual"]
[Site "Cala Major-Palma de Mallorca"]
[Date "2009.10.02"]
[Round "7.30"]
[White "Andreu Lopez, Santiago"]
[Black "Gutierrez Castillo, Paloma"]
[Result "0-1"]
[WhiteElo "1977"]
[BlackElo "2151"]
[PlyCount "48"]
[EventDate "2009.09.26"]

1. e4 e5 2. Nf3 Nc6 3. Bb5 Nf6 4. O-O Nxe4 5. Bxc6 dxc6 6. Qe2 Nd6 7. Nxe5 Be7
8. Re1 Be6 9. d3 Nf5 10. Bd2 O-O 11. Bc3 Bf6 12. f4 Nd4 13. Qf2 c5 14. Bxd4
cxd4 15. Nd2 Qd5 16. Ndf3 c5 17. g4 b5 18. f5 Bc8 19. g5 Bd8 20. f6 gxf6 21.
gxf6 Bxf6 22. Re4 Kh8 23. Rae1 Rg8+ 24. Kf1 Bh3+ 0-1

[Event "Campeonato de España Individual"]
[Site "Cala Major-Palma de Mallorca"]
[Date "2009.10.02"]
[Round "7.31"]
[White "Serra Olives, Tomas"]
[Black "Damians Janes, Jordi"]
[Result "0-1"]
[WhiteElo "2145"]
[BlackElo "1974"]
[PlyCount "92"]
[EventDate "2009.09.26"]

1. e4 d5 2. exd5 Qxd5 3. Nf3 Nf6 4. Nc3 Qa5 5. d4 c6 6. Bc4 Bf5 7. Ne5 e6 8.
Bd2 Bb4 9. Qe2 O-O 10. a3 Nbd7 11. O-O Bxc3 12. Bxc3 Qc7 13. Kh1 Nd5 14. Bd2
Nxe5 15. dxe5 Bxc2 16. Bxd5 cxd5 17. Rfc1 Rfc8 18. Qg4 Qc4 19. Qg3 Qe2 20. Be3
Rc4 21. h3 b6 22. a4 Qd3 23. a5 b5 24. a6 d4 25. Ra3 Bb3 26. Rxc4 bxc4 27. Bf4
Qxg3 28. Bxg3 Rc8 29. Bf4 Rc6 30. Kg1 Kf8 31. Kf1 Ke8 32. Ke1 Kd7 33. Kd2 Kc7
34. f3 Kb6 35. Bg3 Kb5 36. Bf2 c3+ 37. bxc3 dxc3+ 38. Kd3 Kb4 39. Ra1 Rc7 40.
Bd4 c2 41. Bb2 Rd7+ 42. Ke2 Rd1 43. Bc1 Kc3 44. g3 Bc4+ 45. Ke3 Re1+ 46. Kf2
Rxc1 0-1

[Event "Campeonato de España Individual"]
[Site "Cala Major-Palma de Mallorca"]
[Date "2009.10.02"]
[Round "7.33"]
[White "Navarrete Espi, Samuel"]
[Black "Gutierrez Castillo, Oscar"]
[Result "1-0"]
[WhiteElo "1929"]
[BlackElo "2130"]
[PlyCount "67"]
[EventDate "2009.09.26"]

1. e4 d5 2. exd5 Nf6 3. Nf3 Qxd5 4. Nc3 Qd8 5. Bc4 c6 6. O-O e6 7. d4 Be7 8.
Re1 O-O 9. a4 b6 10. Ne5 Bb7 11. Be3 Nbd7 12. Qf3 Qc7 13. Qg3 Rfe8 14. f4 Nd5
15. Ne4 c5 16. Nxd7 Qxd7 17. f5 Nxe3 18. fxe6 fxe6 19. Rxe3 cxd4 20. Re2 Kh8
21. Qh3 Bd5 22. Bd3 h6 23. Qh5 e5 24. Qg6 Bg8 25. Bb5 Qd5 26. Bxe8 Bh7 27. Qf7
Bxe4 28. Qxe7 Rc8 29. Rae1 Bxc2 30. Rxe5 Qb3 31. Qd7 Rc5 32. Bf7 Qb4 33. Qe8+
Kh7 34. Qg8# 1-0

[Event "Campeonato de España Individual"]
[Site "Cala Major-Palma de Mallorca"]
[Date "2009.10.02"]
[Round "7.37"]
[White "Guadamuro Torrente, Anabel"]
[Black "Cerdo Fernandez, Miguel"]
[Result "1/2-1/2"]
[WhiteElo "2142"]
[BlackElo "1921"]
[PlyCount "141"]
[EventDate "2009.09.26"]

1. e4 Nf6 2. e5 Nd5 3. d4 d6 4. c4 Nb6 5. exd6 cxd6 6. Nc3 g6 7. Be3 Bg7 8. Rc1
O-O 9. b3 e5 10. dxe5 dxe5 11. Qxd8 Rxd8 12. c5 N6d7 13. Bc4 Nc6 14. Nf3 Nf8
15. Ng5 Ne6 16. Nce4 Ncd4 17. Nd6 Nxg5 18. Bxg5 Rf8 19. Be7 Bf5 20. Bxf8 Bxf8
21. Bxf7+ Kg7 22. Nxf5+ gxf5 23. Bd5 Rb8 24. f3 b6 25. cxb6 axb6 26. Rc7+ Kf6
27. O-O Rd8 28. Bb7 Bc5 29. Kh1 Ne6 30. Rc6 Ke7 31. b4 Be3 32. Rc2 Rd4 33. a3
Rd3 34. a4 Ra3 35. Bc8 Nd4 36. Rc7+ Kd8 37. Rc4 Rxa4 38. Rd1 Ke7 39. Bb7 h6 40.
h4 Bf2 41. Rc7+ Kf6 42. Rdc1 Rxb4 43. Rh7 Kg6 44. Rcc7 Ne6 45. h5+ Kxh5 46. g4+
fxg4 47. Rce7 gxf3 48. Bxf3+ Kg6 49. Kg2 Bh4 50. Rxh6+ Kxh6 51. Rxe6+ Kg5 52.
Rxe5+ Kf4 53. Re2 Bf6 54. Bc6 Bd4 55. Rc2 Ke3 56. Bf3 Kd3 57. Rc8 Rb2+ 58. Kg3
b5 59. Bc6 b4 60. Bb5+ Kd2 61. Kf3 Ra2 62. Ke4 Bc3 63. Rd8+ Kc1 64. Bc4 Ra5 65.
Rf8 Rc5 66. Kd3 Re5 67. Rf1+ Be1 68. Rf4 Rh5 69. Rf1 Rh3+ 70. Kd4 Kd2 71. Rg1
1/2-1/2

[Event "Campeonato de España Individual"]
[Site "Cala Major-Palma de Mallorca"]
[Date "2009.10.02"]
[Round "7.43"]
[White "Ensenat Calafell, Jose Luis"]
[Black "Juan Mas, Santiago"]
[Result "0-1"]
[WhiteElo "1810"]
[BlackElo "2098"]
[PlyCount "56"]
[EventDate "2009.09.26"]

1. e4 g6 2. Nf3 Bg7 3. d4 d6 4. Bc4 e6 5. Nc3 Nd7 6. Bg5 Ne7 7. Qd2 h6 8. Bf4
g5 9. Be3 Ng6 10. O-O-O a6 11. Rhe1 b5 12. Bb3 Bb7 13. d5 e5 14. Ne2 Nf6 15.
Ng3 O-O 16. Qd3 Bc8 17. c4 bxc4 18. Qxc4 Nf4 19. Bxf4 exf4 20. Nf5 Bxf5 21.
exf5 Nd7 22. Nd4 Qf6 23. Rd2 Rfe8 24. Red1 Nc5 25. Bc2 a5 26. b3 Reb8 27. Bb1
Rb4 28. Qc2 a4 0-1

[Event "Campeonato de España Individual"]
[Site "Cala Major-Palma de Mallorca"]
[Date "2009.10.02"]
[Round "7.46"]
[White "Suau Mercer, Pedro"]
[Black "Trillo-Figueroa Vidal, Antonio"]
[Result "1/2-1/2"]
[WhiteElo "1924"]
[BlackElo "1838"]
[PlyCount "53"]
[EventDate "2009.09.26"]

1. Nf3 d5 2. b4 Nf6 3. Bb2 e6 4. a3 c5 5. bxc5 Bxc5 6. e3 O-O 7. c4 b6 8. d4
Bd6 9. Nc3 Ba6 10. Qa4 dxc4 11. Bxc4 Bb7 12. Be2 a6 13. O-O b5 14. Qc2 Nbd7 15.
Rfc1 Rc8 16. Qd3 Nb6 17. e4 Bf4 18. Rc2 Nc4 19. Bc1 Bxc1 20. Rcxc1 Qe7 21. e5
Nd5 22. Nxd5 Bxd5 23. Nd2 Qg5 24. Ne4 Bxe4 25. Qxe4 Nd2 26. Qe3 Qxe3 27. fxe3
1/2-1/2

[Event "Campeonato de España Individual"]
[Site "Cala Major-Palma de Mallorca"]
[Date "2009.10.02"]
[Round "7.48"]
[White "Figuerola Campins, Antonio"]
[Black "Shen, Yue"]
[Result "1-0"]
[WhiteElo "1904"]
[BlackElo "1791"]
[PlyCount "75"]
[EventDate "2009.09.26"]

1. e4 c5 2. Nc3 d6 3. Nge2 Nf6 4. d4 cxd4 5. Nxd4 g6 6. Bc4 Bg7 7. f3 Nc6 8.
Be3 O-O 9. Qd2 Bd7 10. Bb3 a6 11. h4 Na5 12. h5 Nxb3 13. axb3 Nxh5 14. g4 Nf6
15. Bh6 Bc6 16. O-O-O Qc7 17. Nf5 Bh8 18. Bxf8 Rxf8 19. Qh6 b5 20. Ng3 Rc8 21.
g5 Bg7 22. Qh2 Nd7 23. Nd5 Bxd5 24. exd5 Nf8 25. Ne4 Be5 26. Qe2 b4 27. Rh4 a5
28. f4 Bg7 29. Rdh1 Qa7 30. Qf2 Bd4 31. Qh2 a4 32. Rxh7 Nxh7 33. Qxh7+ Kf8 34.
Nf6 Rxc2+ 35. Kxc2 exf6 36. Qh8+ Ke7 37. Re1+ Kd7 38. Qe8+ 1-0

[Event "Campeonato de España Individual"]
[Site "Cala Major-Palma de Mallorca"]
[Date "2009.10.02"]
[Round "7.53"]
[White "Lewandowski, Richard"]
[Black "Aguilo Pons, Francesc"]
[Result "0-1"]
[WhiteElo "1685"]
[BlackElo "1899"]
[PlyCount "92"]
[EventDate "2009.09.26"]

1. d4 d5 2. c4 c6 3. e3 Nf6 4. cxd5 cxd5 5. Nc3 Nc6 6. a3 Bf5 7. Be2 Rc8 8. Bd2
e6 9. Nf3 h6 10. O-O a6 11. b4 Be7 12. Ne1 e5 13. dxe5 Nxe5 14. Rc1 O-O 15. h3
Nc4 16. Bxc4 dxc4 17. Nf3 Bd3 18. Re1 Bd6 19. e4 Bb8 20. e5 Nd5 21. Nxd5 Qxd5
22. Bf4 Rfd8 23. Bg3 c3 24. Nh2 c2 25. Qf3 Qxf3 26. Nxf3 Bb5 27. Bf4 f6 28. Be3
Bxe5 29. Nxe5 fxe5 30. Bc5 Rd5 31. Rxc2 b6 32. Rec1 bxc5 33. bxc5 Rc6 34. g4
Kf7 35. Kg2 Rd3 36. Rc3 Rxc3 37. Rxc3 Ke6 38. Kg3 Kd5 39. Rc1 Rxc5 40. Rd1+ Ke6
41. Re1 Rc3+ 42. Re3 Rxe3+ 43. fxe3 Kd5 44. Kf2 Kc4 45. Kf3 Bc6+ 46. Ke2 Kb3
0-1

[Event "Campeonato de España Individual"]
[Site "Cala Major-Palma de Mallorca"]
[Date "2009.10.03"]
[Round "8.1"]
[White "Lopez Martinez, Jose Manuel"]
[Black "Cacho Reigadas, Sergio"]
[Result "0-1"]
[WhiteElo "2570"]
[BlackElo "2484"]
[PlyCount "148"]
[EventDate "2009.09.26"]

1. e4 g6 2. d4 Bg7 3. c4 d6 4. Nc3 e5 5. Nge2 exd4 6. Nxd4 a6 7. Be3 Nf6 8. Be2
c5 9. Nc2 Nc6 10. O-O O-O 11. f3 Ne8 12. Kh1 Nc7 13. Qd2 Ne6 14. Bd3 Ned4 15.
Rfd1 Qa5 16. Bh6 Be6 17. Bxg7 Kxg7 18. Nxd4 Nxd4 19. Qf4 Rad8 20. Ne2 Nc6 21.
Qc1 Rd7 22. Nf4 Qd8 23. Bf1 Qf6 24. b3 h5 25. Qe3 h4 26. Rac1 Rh8 27. h3 g5 28.
Ne2 Ne5 29. f4 gxf4 30. Nxf4 Ng6 31. Ne2 Rh5 32. Ng1 Rg5 33. Rc2 Rg3 34. Qe1
Rd8 35. Rf2 Qe7 36. Qd2 Ne5 37. Ne2 Rd3 38. Qc2 Rxd1 39. Qxd1 Ng6 40. Ng1 Qg5
41. Nf3 Qg3 42. Rd2 Ne5 43. Ng1 Ng6 44. Be2 Kf8 45. Bh5 Nf4 46. Bf3 Ng6 47. Ne2
Qg5 48. Rxd6 Rxd6 49. Qxd6+ Qe7 50. Qd2 Kg7 51. Nc3 Qf6 52. Qe3 Qe5 53. Qd2 Kf6
54. Kg1 Qd4+ 55. Qxd4+ cxd4 56. Na4 Nf4 57. Kf2 Nd3+ 58. Ke2 Nc1+ 59. Kd2 Nxa2
60. e5+ Kxe5 61. Bxb7 Nb4 62. Nc5 a5 63. Bf3 Bc8 64. Ne4 Na6 65. Ng5 Kf6 66.
Ne4+ Ke5 67. Kc1 Bf5 68. Nf2 Kf4 69. Nd1 Nc5 70. Kb2 Bxh3 71. Ka3 Bg4 72. Bxg4
Kxg4 73. b4 axb4+ 74. Kxb4 Ne6 0-1